01008nam a2200277 a 450000100060000000300080000600500170001400800410003103500200007204000310009204100080012308200260013110000280015724500490018526000520023430000240028649000490031050400300035965000220038965000380041165000370044983000570048694200120054399900170055595201580057258650BD-RjUL20211209080638.0161219s1967 mau b 000 0 eng  a(BD-RjUL) 58774 aLCbengcLCdAIACdBD-RjUL aeng04a330.028223bALM 19671 aAlmon, Clopper.917431310aMatrix methods in economics /cClopper Almon aReading, Mass.,bAddison-Wesley Pub. Co.cc1967 ax, 164 p. ;c24 cm.0 aAddison-Wesley series in behavioral sciences aBibliography: p. 153-154. 0aMatrices.9174314 0aProgramming (Mathematics)9174315 0aEconomics, Mathematical.9172336 aAddison-Wesley series in behavioral sciences9176103 2ddccBK c58650d58650 00102ddc40718NFICaRUCLbRUCLcReadingd1973-02-11eEuro Bangladesh News Agencyg94.50l0o330.028 ALM 1967r2016-12-19 00:00:00tC-1w2021-12-09yBK